00440nam a2200169Ia 4500100001600000650001300016942000700029366000700036654001300043245001300056260001600069082000800085300000800093546001200101999001700113952014000130 aDean/Jared  aBig data cRB f10 abig data aBig data bWileyc2014 bDEA a265 aENGLISH c28427d28427 001040708CRCaCRCEbCRCEd2023-03-17eReaders Worldg4428.00i325 dt 30.07.2022l0o DEAp25909r2023-03-17v4920.00w0000-00-00yRB